000 01163nam0a2200325 4500
001 RU\NLR\bibl\1203798
005 20260413122109.0
010 _a978-5-353-02077-6
_95000
021 _aRU
_b2008-6717
_9359
035 _a(NLR Aleph) 001190283
090 _a1712982
_c1712982
100 _a20080320d2008 d y0rusy50 ca
101 0 _arus
102 _aRU
105 _aa |||||||||
200 1 _aАтлас самураев
_e[для среднего школьного возраста
_fШпаковский Вячеслав Олегович
_gил.: М.О. Дмитриева и др.]
210 _aМосква
_cРОСМЭН
_cРОСМЭН-ПРЕСС
_d2008
215 _a63 с.
_cил.
_d33
686 _aШ9
_bЦ
686 _aШ9
_bТ3(5Я)
702 1 _4440
_7ca
_8rus
_aДмитриев
_bМ. О.
_cхудожник
_gМихаил Олегович
_935359
_3RU\NLR\AUTH\7752426
702 1 _aШпаковский
_bВ. О.
_gВячеслав Олегович
_4220
801 0 _aRU
_bNLR
_c20080320
_gRCR
801 1 _aRU
_bNLR
_c20080320
942 _cBOOK
980 _aNB